000 00473nam a2200181Ia 4500
005 20250326125939.0
008 250326s9999 xx 000 0 und d
037 _aTextbook
040 _aFMSL
_beng
_cFMSL
041 _aeng
_2eng
084 _aS N9
_qFMSL
100 _aGagne R M
_989400
245 0 _aPsychology and human performance
_cGagne R M
260 _aNY
_bNY, H R Winston
_c1959
300 _a493p
942 _cTB
_hS N9
999 _c1280293
_d1280293